Creative Community Planning : Transformative Engagement Methods for Working at the Edge /

Bibliographic Details
Main Author: Sarkissian, Wendy
Other Authors: Hurford, Dianna
Format: Book
Published: London: Earthscan, 2010.
Subjects:
LEADER 00812cam a2200229 7i4500
001 0000013433
005 20151104090000.0
005 ##20151104114100.0
003 ##MY-KlINT
020 # # |a 97818440777038  
039 # 9 |y 201511041141  |z VLOAD 
090 0 0 |a 307.1216   |b SAR 
100 1 # |a Sarkissian, Wendy 
245 0 0 |a Creative Community Planning :   |b Transformative Engagement Methods for Working at the Edge /   |c Wendy Sarkissian and Dianna Hurford;with Christine Wenman and foreward by John Forester. 
260 # # |a London:   |b Earthscan,   |c 2010. 
300 # # |a xxiii,310p:   |b ill;   |c 21cm. 
500 # # |a Includes bibliographical references and index 
650 # 0 |a Wenman,Christine  
650 # 0 |a Community development  
650 # 0 |a City planning  
700 0 # |a Hurford, Dianna  
999 |a 1110067378  |b BOOK  |c Main Non-Fiction  |e INTAN BK